Score 0/82 Timer 10:00
0 Plays Today
% Correct
Addison
90.7%
Bryn Mawr
88.4%
Fullerton
88.4%
Chicago
88.4%
Howard
86%
Howard
86%
Monroe
83.7%
Loyola
81.4%
Lawrence
81.4%
Lake
81.4%
Granville
79.1%
Thorndale
79.1%
Berwyn
79.1%
Sox-35th
79.1%
Jarvis
76.7%
Sheridan
76.7%
79th
76.7%
Belmont
74.4%
63rd
74.4%
87th
74.4%
Wilson
72.1%
Jackson
72.1%
Garfield
72.1%
Midway
72.1%
Garfield
72.1%
Morse
69.8%
Harrison
69.8%
69th
69.8%
% Correct
Pulaski
69.8%
Pulaski
69.8%
Ashland
67.4%
Dempster-Skokie
67.4%
Cicero
67.4%
Oak Park
67.4%
Ashland
67.4%
47th
67.4%
North|Clybourn
65.1%
Grand
65.1%
95th|Dan Ryan
65.1%
Oakton-Skokie
65.1%
Cottage Grove
65.1%
Argyle
62.8%
Western
62.8%
35th
62.8%
Halsted
62.8%
Harold Washington Library - State/Van Buren
62.8%
Halsted
62.8%
Central
62.8%
Clark|Division
60.5%
Roosevelt
60.5%
Roosevelt
60.5%
Austin
60.5%
California
60.5%
Roosevelt
60.5%
King Drive
60.5%
Cermak-Chinatown
58.1%
% Correct
Kedzie
58.1%
Washington|Wells
58.1%
Clark|Lake
58.1%
State|Lake
58.1%
Washington|Wabash
58.1%
Adams|Wabash
58.1%
Morgan
58.1%
Adams|Wabash
58.1%
Kedzie
58.1%
Clark|Lake
58.1%
State|Lake
58.1%
Washington|Wabash
58.1%
LaSalle|Van Buren
55.8%
43rd
55.8%
Ridgeland
55.8%
Quincy
53.5%
51st
53.5%
Indiana
51.2%
Laramie
48.8%
Harlem|Lake
46.5%
Clinton
46.5%
35th-Bronzeville-IIT
44.2%
Ashland|63rd
44.2%
67th
39.5%
Conservatory-Central Park Drive
23.3%
Cermak-McCormick Palace
14%
Remove Ads.
Support Sporcle.
Get the best of Sporcle when you Go Orange. This ad-free experience offers more features, more stats, and more fun while also helping to support Sporcle. Thank you for becoming a member.

You're not logged in!

Compare scores with friends on all Sporcle quizzes.
OR
Log In

Show Comments

Extras

Created Sep 16, 2017ReportNominate
Tags:chicago, station

Top Quizzes Today


Score Distribution

Your Account Isn't Verified!

In order to create a playlist on Sporcle, you need to verify the email address you used during registration. Go to your Sporcle Settings to finish the process.

Report this User

Report this user for behavior that violates our Community Guidelines.

Details: